[Event "josh_hhnn"]
[Site "http://www.queenalice.com/game.php?id=1764183"]
[Date "2021.7.11"]
[Round "2"]
[White "swampthing"]
[Black "Kees_Popinga"]
[Result "0-1"]
[WhiteElo "1418"]
[BlackElo "1662"]

1. e3 c5 2. d4 cxd4 3. exd4 d5 4. c4 Nf6 5. Nc3 e6 6. Nf3 Bb4 7. a3 Ba5 8. b4
Bb6 9. c5 Bc7 10. Ne5 O-O 11. Qd3 Nbd7 12. Qg3 Nh5 13. Qg4 g6 14. Bh6 Re8 15.
Qf3 Nxe5 16. dxe5 Bxe5 17. Nb5 Bxa1 18. Nd6 Re7 19. g4 Ng7 20. Bd3 b6 21. O-O
Be5 22. Re1 Bc3 23. Nxc8 Rxc8 24. Ba6 Rc6 25. Qxc3 Qf8 26. Bb5 Rcc7 27. h4 bxc5
28. h5 cxb4 29. Qf6 Rb7 30. Rc1 Rec7 31. Bc6 Rb6 32. Bxg7 Qxg7 33. Qd8+ Qf8 34.
Qxc7 bxa3 35. hxg6 hxg6 36. Ba4 a2 37. Kg2 Rb1 38. Rh1 a1=Q 39. Qh2 Rxh1 40.
Qxh1 Qxh1+ 41. Kxh1 Qa3 42. Be8 Qh3+ 0-1

[Event "Challenge"]
[Site "http://www.queenalice.com/game.php?id=1766026"]
[Date "2021.8.2"]
[Round "-"]
[White "magalhaes_br"]
[Black "swampthing"]
[Result "0-1"]
[WhiteElo "1521"]
[BlackElo "1427"]

1. e4 e6 2. d3 d5 3. e5 Nc6 4. d4 f6 5. Nf3 a5 6. Bd3 b6 7. Bf4 Nge7 8. O-O Ng6
9. Be3 fxe5 10. dxe5 Ncxe5 11. Nxe5 Nxe5 12. Be2 c5 13. Nd2 d4 14. Bf4 Bd6 15.
Ne4 Qh4 16. Qd2 O-O 17. Bg3 Qxe4 18. Bd3 Qd5 19. b3 Nxd3 20. Qxd3 Bb7 21. f3 Ba6
22. c4 Qe5 23. Bxe5 Bxe5 24. Rfe1 Bf4 25. Rxe6 Bc8 26. Rxb6 Bf5 27. Qe2 Rfe8 28.
Qf2 Be3 29. Qxe3 dxe3 30. Kf1 e2+ 31. Kf2 a4 32. bxa4 Rxa4 33. Re1 Bd3 34. Rb2
Rxc4 35. g4 Rf4 36. Rb3 c4 37. Kg3 Ref8 38. a4 cxb3 0-1

[Event "Challenge"]
[Site "http://www.queenalice.com/game.php?id=1766636"]
[Date "2021.8.10"]
[Round "-"]
[White "edemarc"]
[Black "swampthing"]
[Result "1-0"]
[WhiteElo "1605"]
[BlackElo "1431"]

1. e4 Nf6 2. d3 d5 3. e5 Nh5 4. Qxh5 e6 5. Bg5 Be7 6. Nf3 g6 7. Qh6 Bf8 8. Qh4
h6 9. Bxd8 Nc6 10. Bxc7 Be7 11. Qa4 Bd7 12. Qb3 b6 13. d4 Rc8 14. Bd6 Na5 15.
Qd3 Rc6 16. Bb8 f5 17. Bxa7 O-O 18. a3 Ra8 19. b4 Nc4 20. b5 Nb2 21. Qb3 Nc4 22.
bxc6 Bxc6 23. Bxb6 Ba4 24. Qc3 Nxb6 25. Ra2 Nc4 26. Bxc4 1-0

[Event "josh_hhnn"]
[Site "http://www.queenalice.com/game.php?id=1767172"]
[Date "2021.8.17"]
[Round "3"]
[White "swampthing"]
[Black "magalhaes_br"]
[Result "0-1"]
[WhiteElo "1439"]
[BlackElo "1551"]

1. e3 d6 2. d4 Nf6 3. c3 g6 4. Bd3 Bg7 5. Nh3 O-O 6. Nd2 d5 7. b4 c6 8. a4 Nbd7
9. Nf3 Qc7 10. Nf4 Nb6 0-1

[Event "Challenge"]
[Site "http://www.queenalice.com/game.php?id=1788364"]
[Date "2022.5.6"]
[Round "-"]
[White "Leanne"]
[Black "swampthing"]
[Result "0-1"]
[WhiteElo "1321"]
[BlackElo "1409"]

1. e4 Nf6 2. Nc3 e5 3. d4 Nc6 4. d5 Ne7 5. Bg5 h6 6. Bh4 g5 7. Bg3 d6 8. Bb5+ c6
9. dxc6 bxc6 10. Be2 Ng6 11. Bh5 d5 12. exd5 cxd5 13. Nge2 Nxh5 14. O-O Ba6 15.
Re1 Rc8 16. Qxd5 Nxg3 17. Qxd8+ Rxd8 18. Nxg3 Bc5 19. Red1 O-O 20. Nce4 Bb6 21.
Rd2 Rxd2 0-1

[Event "Challenge"]
[Site "http://www.queenalice.com/game.php?id=1797398"]
[Date "2022.10.4"]
[Round "-"]
[White "Leanne"]
[Black "swampthing"]
[Result "0-1"]
[WhiteElo "1284"]
[BlackElo "1418"]

1. d4 Nh6 2. e4 e6 3. Nf3 d5 4. exd5 exd5 5. Ne5 Bd6 6. Bf4 Qf6 7. g3 Nd7 8. Ng4
Nxg4 9. Qxg4 Nb6 10. Qe2+ Qe7 11. Qxe7+ Kxe7 12. Nc3 Bf5 13. Bxd6+ cxd6 14. Bd3
Bh3 15. O-O-O Rhe8 16. Rhe1+ Kf8 17. Rxe8+ Rxe8 18. f3 Re6 19. f4 Bg4 20. f5 Rh6
21. Re1 Rxh2 0-1

[Event "Challenge"]
[Site "http://www.queenalice.com/game.php?id=1797399"]
[Date "2022.10.4"]
[Round "-"]
[White "swampthing"]
[Black "Leanne"]
[Result "1-0"]
[WhiteElo "1437"]
[BlackElo "1240"]

1. e4 Nf6 2. d3 d6 3. Be3 Nc6 4. c4 e5 5. Nd2 Ng4 6. Qe2 Be7 7. f3 Nxe3 8. Qxe3
Bh4+ 9. g3 Bg5 10. Qf2 O-O 11. h4 Bxd2+ 12. Qxd2 Qf6 13. Rc1 Nd4 14. Bg2 b5 15.
Qa5 c6 16. Ne2 bxc4 17. Rxc4 d5 18. exd5 cxd5 19. Rc7 Nxf3+ 20. Kf2 Nd4+ 21. Ke1
Nxe2 22. Kxe2 Bg4+ 23. Kd2 Qb6 24. Qxb6 axb6 25. Bxd5 Ra5 26. Bc4 Rc5 27. Re7
Be6 28. Rc1 Bxc4 29. dxc4 f6 30. b4 Rcc8 31. c5 bxc5 32. bxc5 Rfe8 33. Rb7 Rb8
34. c6 1-0

[Event "josh_hhvvv"]
[Site "http://www.queenalice.com/game.php?id=1797450"]
[Date "2022.10.5"]
[Round "2"]
[White "swampthing"]
[Black "josh_hh"]
[Result "1-0"]
[WhiteElo "1429"]
[BlackElo "1227"]

1. f4 h5 2. g3 h4 3. g4 Nf6 4. h3 Ne4 5. Bg2 Nc5 6. e3 a5 7. Na3 a4 8. Qe2 Rh6
9. Qc4 Rc6 10. Bd5 Rd6 11. Bxf7# 1-0

[Event "josh_hhvvv"]
[Site "http://www.queenalice.com/game.php?id=1799394"]
[Date "2022.11.7"]
[Round "3"]
[White "swampthing"]
[Black "ilbarbierefallito"]
[Result "0-1"]
[WhiteElo "1445"]
[BlackElo "1605"]

1. e3 e5 2. d4 exd4 3. exd4 d5 4. c3 Nf6 5. Bd3 g6 6. Be3 Bg7 7. Ne2 O-O 8. Nf4
Re8 9. Qf3 Ng4 10. Nxd5 c6 11. h3 Nxe3 12. fxe3 Qxd5 13. Qxd5 cxd5 14. Kd2 Nc6
15. Rf1 Bh6 16. Na3 Bxe3+ 17. Ke2 Bxd4+ 18. Kd2 Bg7 19. Rf3 Ne5 20. Re3 Bh6 21.
Bb5 Nc6 22. Nc2 Bd7 23. Re1 Bxe3+ 24. Rxe3 Rxe3 25. Kxe3 a6 26. Ba4 Re8+ 27. Kd2
Re5 0-1

[Event "Challenge"]
[Site "http://www.queenalice.com/game.php?id=1799772"]
[Date "2022.11.12"]
[Round "-"]
[White "swampthing"]
[Black "dejami"]
[Result "0-1"]
[WhiteElo "1435"]
[BlackElo "1633"]

1. Nh3 e6 2. e4 Qh4 3. g3 Qxe4+ 4. Qe2 Qxc2 5. Na3 Qc6 6. Bg2 Qxg2 7. Qf1 Qe4+
8. Kd1 Bxa3 9. d3 Qe5 10. Rb1 Bc5 11. f4 Qh5+ 12. Ke1 b6 13. Qg2 c6 14. g4 Qh4+
15. Kd1 d5 16. g5 e5 17. b4 Bxh3 0-1

[Event "Challenge"]
[Site "http://www.queenalice.com/game.php?id=1799773"]
[Date "2022.11.12"]
[Round "-"]
[White "dejami"]
[Black "swampthing"]
[Result "1-0"]
[WhiteElo "1625"]
[BlackElo "1427"]

1. e4 e6 2. Bc4 Bc5 3. Qf3 Nf6 4. e5 d5 5. Bb5+ c6 6. Bf1 Nbd7 7. exf6 Nxf6 8.
c3 Qb6 9. d4 Bd6 10. Nd2 O-O 11. b3 e5 12. h3 exd4 13. c4 Be6 14. Bd3 Qa6 15. c5
Qxd3 16. Qxd3 Bxc5 17. Ngf3 Ne4 18. O-O Bd6 19. Nxd4 Be5 20. N2f3 1-0

[Event "josh_hh22"]
[Site "http://www.queenalice.com/game.php?id=1823704"]
[Date "2023.10.24"]
[Round "2"]
[White "ChrisBidlack"]
[Black "swampthing"]
[Result "1-0"]
[WhiteElo "1750"]
[BlackElo "1416"]

1. e4 e5 2. Nf3 d6 3. Bc4 b6 4. Ng5 Qxg5 5. Qf3 Bg4 6. Qxf7+ Kd8 7. Qxf8+ Kd7 8.
Qf7+ Qe7 9. Qd5 c6 10. Qd3 Nh6 11. Qg3 Rf8 12. d3 c5 13. Bd5 Nc6 14. Bxc6+ Kxc6
15. Bxh6 gxh6 16. Qxg4 Qf7 17. O-O h5 18. Qe2 Rg8 19. Nc3 Rxg2+ 20. Kxg2 Rg8+
21. Kh1 Qg6 22. Rg1 Qf7 23. Rxg8 1-0